00728 2200253 4500001002100000005001700021008004100038035002600079245002700105100002700132710003000159250000600189260007700195300003900272020002200311082000800333084000800341520003700349650001600386990001800402990001800420990001800438990001800456INLIS00000000000398020191230031918.0191230| ||| | ind  a 0010-12190000000398000cDrs.H.Zainal Aqib,M.Pd0 aDrs.H.Zainal Aqib,M.Pd0 aAhmad Amrullah, S.Th.I.MA a1 aPenerbit Gava Media : YogyakartabPenerbit Gava Media : Yogyakartac2017 a16X23cm 218 hlm ;c16X23cm 218 hlm a978-602-6948-85-40 a300 a370 aHibah perpusnas 2018 14 Nov 2018 0aPedoman 370 aB201901099587 aB201901099588 aB201901099587 aB201901099588